Planning controls too complex says RTPI report (Record no. 67011)

MARC details
000 -LEADER
fixed length control field 00914cam a2200217 4500
001 - CONTROL NUMBER
control field WB3719-26
008 - FIXED-LENGTH DATA ELEMENTS--GENERAL INFORMATION
fixed length control field 000000n2001 000 0 eng u
035 ## - SYSTEM CONTROL NUMBER
System control number (Sirsi) u112585
245 ## - TITLE STATEMENT
Title Planning controls too complex says RTPI report
260 ## - PUBLICATION, DISTRIBUTION, ETC.
Date of publication, distribution, etc. 2001
490 ## - SERIES STATEMENT
Series statement Urban Environment Today
Volume/sequential designation (121) 10 May 2001, 4(1)
520 ## - SUMMARY, ETC.
Summary, etc. A report for the Royal Town Planning Institute is urging government to reform the planning system and introduce a simplified single structure for approving new development proposals. Copies of "The Simplification of the Planning System" are available from the RTPI. Tel: 020 7636 9107.
590 ## - LOCAL NOTE (RLIN)
Local note WB
650 ## - SUBJECT ADDED ENTRY--TOPICAL TERM
Topical term or geographic name entry element ROYAL TOWN PLANNING INSTITUTE
650 ## - SUBJECT ADDED ENTRY--TOPICAL TERM
Topical term or geographic name entry element PLANNING SYSTEM
650 ## - SUBJECT ADDED ENTRY--TOPICAL TERM
Topical term or geographic name entry element SIMPLIFICATION
650 ## - SUBJECT ADDED ENTRY--TOPICAL TERM
Topical term or geographic name entry element PLANNING APPLICATIONS
650 ## - SUBJECT ADDED ENTRY--TOPICAL TERM
Topical term or geographic name entry element DEVELOPMENT PROPOSALS
690 ## - LOCAL SUBJECT ADDED ENTRY--TOPICAL TERM (OCLC, RLIN)
Topical term or geographic name as entry element ENVIRONMENTAL AND LAND CONSULTANCY-PLANNING AND DEVELOPMENT
942 ## - ADDED ENTRY ELEMENTS (KOHA)
Suppress in OPAC 0
Holdings
Withdrawn status Lost status Source of classification or shelving scheme Damaged status Not for loan Home library Current library Shelving location Date acquired Total Checkouts Full call number Barcode Date last seen Copy number Price effective from Koha item type
    Dewey Decimal Classification     London London News article 15/05/2001   WB3719-26 112585-1001 06/08/2019 1 06/08/2019 News article